00982nam a22002417a 4500003000900000008004100009040007100050082002400121100003000145245007200175260003300247300002200280440004000302505018600342650002100528650001000549650002900559650002600588700002900614700002800643700003300671710003600704AR-CdUCM190408b ||||| |||| 00| 0 spa d aMUNICIPALIDAD PROVINCIAL DEL CUSCOcBIBLIOTECA MUNICIPAL DEL CUSCO aC / 869.5592 /bM23 aMatto de Turner, Clorinda aTradiciones Cuzqueñas :bLeyendas, Biografías y hojas sueltas / aCusco :bH. G. Rozas,c1954. a2 tomos ;c25 cm. aColección de autores Cuzqueños. aContenido: t.1: Tambo Montero -- Mazorcas de trigo -- Lo qué costo un recibimiento -- El que manda, manda -- Vaya un decreto ... -- t.2: Leyendas -- Biografías -- Hojas sueltas. aCuentos peruanos aCusco aAnécdotas históricas aCuentos de costumbres aPalma, Ricardo (liminar) aNieto, Luis (prólogo) aSandoval, Julio F. (apuntes) aUniversidad Nacional del Cuzco.